<?xml version="1.0" encoding="UTF-8"?>
<record
    xmlns:xsi="http://www.w3.org/2001/XMLSchema-instance"
    xsi:schemaLocation="http://www.loc.gov/MARC21/slim http://www.loc.gov/standards/marcxml/schema/MARC21slim.xsd"
    xmlns="http://www.loc.gov/MARC21/slim">

  <leader>00394nam a22001457a 4500</leader>
  <controlfield tag="005">20170620154501.0</controlfield>
  <controlfield tag="008">170620b        xxu||||| |||| 00| 0 eng d</controlfield>
  <datafield tag="020" ind1=" " ind2=" ">
    <subfield code="a">978-81-920437-1-7</subfield>
  </datafield>
  <datafield tag="041" ind1=" " ind2=" ">
    <subfield code="a">eng</subfield>
  </datafield>
  <datafield tag="100" ind1=" " ind2=" ">
    <subfield code="a">ED. KHAREL SUNITA &amp; WANGCHUK BHUTIA JIGME</subfield>
    <subfield code="9">3868</subfield>
  </datafield>
  <datafield tag="245" ind1=" " ind2=" ">
    <subfield code="a">GAZETTEER OF SIKKIM 2013</subfield>
  </datafield>
  <datafield tag="260" ind1=" " ind2=" ">
    <subfield code="a">SIKKIM</subfield>
    <subfield code="b">HOME DEPARTMENT GOVERNMENT OF SIKKIM</subfield>
  </datafield>
  <datafield tag="300" ind1=" " ind2=" ">
    <subfield code="a">656</subfield>
  </datafield>
  <datafield tag="942" ind1=" " ind2=" ">
    <subfield code="c">BK</subfield>
  </datafield>
  <datafield tag="999" ind1=" " ind2=" ">
    <subfield code="c">5477</subfield>
    <subfield code="d">5475</subfield>
  </datafield>
  <datafield tag="952" ind1=" " ind2=" ">
    <subfield code="0">0</subfield>
    <subfield code="1">0</subfield>
    <subfield code="4">0</subfield>
    <subfield code="7">0</subfield>
    <subfield code="8">ENGLISH LITERATURE</subfield>
    <subfield code="a">JRU</subfield>
    <subfield code="b">JRU</subfield>
    <subfield code="c">SHELF-103-A</subfield>
    <subfield code="d">2017-06-20</subfield>
    <subfield code="e">DONATION</subfield>
    <subfield code="g">1500.00</subfield>
    <subfield code="l">0</subfield>
    <subfield code="o">915.4167003</subfield>
    <subfield code="p">21819</subfield>
    <subfield code="r">2017-06-20 00:00:00</subfield>
    <subfield code="w">2017-06-20</subfield>
    <subfield code="y">BK</subfield>
  </datafield>
</record>
